| 000 | 01560cam a2200361 i 4500 | ||
|---|---|---|---|
| 999 |
_c16527 _d16527 |
||
| 001 | 16526663 | ||
| 005 | 20190227020035.0 | ||
| 008 | 101101s2012 nyuab b 001 0 eng d | ||
| 010 | _a 2010940423 | ||
| 020 | _a9781429283311 (looseleaf) | ||
| 020 | _a1429283319 (looseleaf) | ||
| 020 | _a9781429240291 (pbk.) | ||
| 020 | _a1429240296 (pbk.) | ||
| 035 | _a(OCoLC)ocn704377404 | ||
| 040 |
_aBTCTA _beng _cBTCTA _erda _dORX _dVPI _dDLC |
||
| 042 | _alccopycat | ||
| 050 | 0 | 0 |
_aGE105 _b.F75 2012 |
| 082 | 0 | 4 |
_a363.7 _223 |
| 100 | 1 |
_aFriedland, Andrew J., _d1959- |
|
| 245 | 1 | 0 |
_aEnvironmental science : _bfoundations and applications / _cAndrew Friedland, Rick Relyea, David Courard-Hauri, (with Ross Jones and Susan Weisberg). |
| 300 |
_a1 v. (various pagings) : _billustrations ; _c28 cm |
||
| 504 | _aIncludes bibliographical references and index. | ||
| 650 | 0 | _aEnvironmental sciences. | |
| 700 | 1 | _aRelyea, Rick. | |
| 700 | 1 | _aCourard-Hauri, David. | |
| 906 |
_a7 _bcbc _ccopycat _d2 _encip _f20 _gy-gencatlg |
||
| 942 |
_2lcc _cBOOKS _hGE105 .F75 2012 _04 |
||